Elenca la formazione - Quiz n°181 - Statistics

Statistiche generali
  • Questo quiz è stato fatto 51 volte
  • Il punteggio medio è 8 su 11
Statistiche sulle risposte
Ruolo Nazione Calciatore % Corretto
Portiere Costa Rica Keylor Navas
100%
Attaccante Argentina Ángel Di María
93%
Attaccante Francia Kylian Mbappé
93%
Difensore Brasile Marquinhos
89%
Attaccante Argentina Mauro Icardi
82%
Difensore Italia Alessandro Florenzi
80%
Centrocampista Argentina Leandro Paredes
76%
Centrocampista Senegal Idrissa Gueye
67%
Centrocampista Portogallo Danilo Pereira
53%
Difensore Germania Thilo Kehrer
53%
Difensore Senegal Abdou Diallo
38%
Nessun quiz corrispondente trovato
Distribuzione punteggi
Percentuale di utenti per punteggio
Percentile per numero di risposta
I tuoi punteggi nel tempo
Non hai fatto questo quiz